[Event "XXVe Open de Metz"]
[Site "Metz"]
[Date "2007.04.19"]
[Round "6.1"]
[White "Spraggett, Kevin"]
[Black "Fedorchuk, Sergey A"]
[Result "1/2-1/2"]
[WhiteElo "2631"]
[BlackElo "2603"]
[PlyCount "52"]
[EventDate "2007.04.19"]

1. e4 e5 2. Nf3 Nc6 3. Bb5 a6 4. Ba4 Nf6 5. d3 Bc5 6. c3 b5 7. Bb3 d6 8. O-O
O-O 9. Bg5 h6 10. Bh4 Be6 11. Nbd2 Bxb3 12. axb3 Re8 13. Re1 Bb6 14. Nf1 g5 15.
Bg3 d5 16. exd5 Qxd5 17. Ne3 Qd7 18. h3 Rad8 19. Rxa6 Qxd3 20. Qc1 Re6 21. Kh2
Ne4 22. Rxb6 cxb6 23. Rd1 Qe2 24. Re1 Qd3 25. Rd1 Qe2 26. Re1 Qd3 1/2-1/2

[Event "XXVe Open de Metz"]
[Site "Metz"]
[Date "2007.04.19"]
[Round "6.2"]
[White "Petkov, Vladimir"]
[Black "Malakhatko, Vadim"]
[Result "1-0"]
[WhiteElo "2456"]
[BlackElo "2598"]
[PlyCount "107"]
[EventDate "2007.04.19"]

1. d4 d5 2. c4 c6 3. Nf3 Nf6 4. Qc2 Bg4 5. Ne5 Bh5 6. Nc3 e6 7. Bg5 Be7 8. cxd5
exd5 9. e3 Bg6 10. Nxg6 hxg6 11. Bd3 Nbd7 12. O-O-O Nf8 13. Bf4 Bd6 14. Be5
Bxe5 15. dxe5 Ng4 16. e6 Nxe6 17. Bxg6 Nxf2 18. Bxf7+ Kxf7 19. Qxf2+ Qf6 20.
Qg3 Kg8 21. Rhf1 Qe7 22. Rf5 Rh6 23. e4 d4 24. Ne2 Rd8 25. Rdf1 d3 26. Nc3 b5
27. Qe5 b4 28. Nb1 c5 29. Nd2 Qe8 30. Kb1 Qa4 31. Rc1 Qd7 32. h3 a5 33. Qg3 Qb7
34. Qe3 a4 35. g4 a3 36. b3 Qa8 37. g5 Rg6 38. h4 Nd4 39. Rfxc5 Nc2 40. Qf4 Rf8
41. Rf5 Re8 42. Rd5 Rc6 43. Rxd3 Rd8 44. Rd5 Rdc8 45. Nc4 Rxc4 46. bxc4 b3 47.
axb3 a2+ 48. Kxc2 a1=Q 49. Rxa1 Qxa1 50. Qe5 Qa2+ 51. Qb2 Qa7 52. g6 Qg1 53.
Qe5 Qxg6 54. Qf5 1-0

[Event "XXVe Open de Metz"]
[Site "Metz"]
[Date "2007.04.19"]
[Round "6.3"]
[White "Burmakin, Vladimir"]
[Black "Shchekachev, Andrei"]
[Result "1-0"]
[WhiteElo "2593"]
[BlackElo "2530"]
[PlyCount "78"]
[EventDate "2007.04.19"]

1. d4 Nf6 2. Nf3 e6 3. c4 d5 4. Bg5 h6 5. Bxf6 Qxf6 6. Nc3 c6 7. e3 Nd7 8. Bd3
dxc4 9. Bxc4 g6 10. O-O Bg7 11. Bb3 Qe7 12. Rc1 O-O 13. Ne4 b6 14. Ba4 c5 15.
Bc6 Rb8 16. Qa4 Nf6 17. Rfd1 Nxe4 18. Bxe4 a6 19. b3 e5 20. dxc5 bxc5 21. Qa3
Rb4 22. Nd2 Bg4 23. Bf3 Bf5 24. Qxa6 e4 25. Be2 Rbb8 26. Qc4 Rfc8 27. Qc2 h5
28. Nc4 Rc6 29. Rd2 h4 30. h3 Bf8 31. Rcd1 Qe6 32. Rd5 Be7 33. Ne5 Rd6 34. Bc4
Rxd5 35. Rxd5 Rf8 36. Nd7 Rd8 37. Nxc5 Qc6 38. Rxd8+ Bxd8 39. b4 Bc7 40. Na6
Be6 41. b5 1-0

[Event "XXVe Open de Metz"]
[Site "Metz"]
[Date "2007.04.19"]
[Round "6.4"]
[White "Eingorn, Vereslav S"]
[Black "Boidman, Yuri"]
[Result "1-0"]
[WhiteElo "2588"]
[BlackElo "2438"]
[PlyCount "63"]
[EventDate "2007.04.19"]

1. d4 d5 2. c4 c6 3. e3 Bf5 4. Qb3 Qb6 5. cxd5 Qxb3 6. axb3 Bxb1 7. dxc6 Nxc6
8. Rxb1 e5 9. dxe5 Bb4+ 10. Ke2 Nxe5 11. Nf3 Nc6 12. g3 Nf6 13. Bg2 O-O 14. Bd2
Bxd2 15. Nxd2 Rfe8 16. Rhc1 Re6 17. Ra1 Nd7 18. Bxc6 bxc6 19. Ra6 c5 20. Rca1
Rxa6 21. Rxa6 Kf8 22. Nc4 Ke7 23. Kd3 Kd8 24. Rc6 Rb8 25. Kc3 Nf6 26. f3 Nd5+
27. Kd2 Nb6 28. Kd3 Nd7 29. Kc3 Ra8 30. e4 f6 31. f4 a5 32. Rd6 1-0

[Event "XXVe Open de Metz"]
[Site "Metz"]
[Date "2007.04.19"]
[Round "6.5"]
[White "Savchenko, Stanislav"]
[Black "Wirig, Anthony"]
[Result "1/2-1/2"]
[WhiteElo "2545"]
[BlackElo "2443"]
[PlyCount "49"]
[EventDate "2007.04.19"]

1. d4 d5 2. c4 c6 3. Nf3 Nf6 4. e3 a6 5. Nc3 b5 6. c5 g6 7. Ne5 Bg7 8. Be2 O-O
9. O-O Nfd7 10. f4 Nxe5 11. fxe5 f6 12. exf6 exf6 13. e4 b4 14. Na4 dxe4 15.
Nb6 Ra7 16. Qb3+ Kh8 17. Nxc8 Qxc8 18. Bf4 f5 19. Rad1 Nd7 20. Bd6 Re8 21. Qxb4
Nf6 22. Qa3 Nd5 23. Bc4 g5 24. Bxd5 cxd5 25. c6 1/2-1/2

[Event "XXVe Open de Metz"]
[Site "Metz"]
[Date "2007.04.19"]
[Round "6.6"]
[White "Haub, Thorsten-Michael"]
[Black "Guliyev, Namig"]
[Result "1-0"]
[WhiteElo "2468"]
[BlackElo "2590"]
[PlyCount "81"]
[EventDate "2007.04.19"]

1. g3 e5 2. Bg2 d5 3. d3 g6 4. Nf3 Bg7 5. O-O Ne7 6. Nbd2 O-O 7. e4 Nbc6 8. c3
a5 9. a4 dxe4 10. dxe4 b6 11. Re1 Ba6 12. Qb3 Qd7 13. Bf1 Bxf1 14. Nxf1 Rad8
15. Bg5 Qg4 16. Bxe7 Nxe7 17. N3d2 Rd3 18. Rad1 Rfd8 19. Ne3 Qd7 20. Ndc4 Nc6
21. Qb5 Na7 22. Qa6 Nc6 23. Qb7 Qe6 24. Rxd3 Rxd3 25. Qxc7 Bf8 26. Qxb6 h5 27.
Qb5 Rd8 28. h4 g5 29. hxg5 Be7 30. Nf5 Bxg5 31. Kg2 h4 32. gxh4 Bxh4 33. Rg1
Bf6 34. Kf3+ Kh7 35. Nce3 Ne7 36. Qf1 Ng6 37. Qh3+ Nh4+ 38. Kg3 Bg5 39. Kh2 Qf6
40. Ng4 Qg6 41. Nxh4 1-0

[Event "XXVe Open de Metz"]
[Site "Metz"]
[Date "2007.04.19"]
[Round "6.7"]
[White "Gharamian, Tigran"]
[Black "Sulava, Nenad"]
[Result "1-0"]
[WhiteElo "2471"]
[BlackElo "2549"]
[PlyCount "59"]
[EventDate "2007.04.19"]

1. e4 g6 2. d4 Bg7 3. Nc3 d6 4. f4 e6 5. Nf3 Ne7 6. h4 h5 7. Be3 a6 8. Bd3 Nbc6
9. Be2 b5 10. a3 O-O 11. O-O Bd7 12. Qe1 e5 13. dxe5 dxe5 14. Rd1 exf4 15. Bxf4
Qc8 16. Qg3 Ra7 17. Ne5 Be6 18. Nxc6 Nxc6 19. Bxh5 gxh5 20. Bh6 Bg4 21. Bxg7
Kxg7 22. Rd5 f6 23. Rxh5 Ne5 24. Nd5 Qe6 25. Rxe5 Qxe5 26. Qxg4+ Kh8 27. Rf5
Qd4+ 28. Kh1 c6 29. Rh5+ Rh7 30. Ne7 1-0

[Event "XXVe Open de Metz"]
[Site "Metz"]
[Date "2007.04.19"]
[Round "6.8"]
[White "Kozhuharov, Spas"]
[Black "Kasparov, Sergey"]
[Result "1/2-1/2"]
[WhiteElo "2433"]
[BlackElo "2536"]
[PlyCount "40"]
[EventDate "2007.04.19"]

1. d4 Nf6 2. c4 e6 3. Nc3 Bb4 4. e3 O-O 5. Bd3 d5 6. Nf3 b6 7. O-O Bb7 8. cxd5
exd5 9. a3 Bd6 10. b4 a6 11. Bb2 Nbd7 12. Qb3 Qe7 13. Rfe1 Rfe8 14. b5 axb5 15.
Nxb5 c5 16. Nxd6 Qxd6 17. dxc5 bxc5 18. Bf5 Bc6 19. Rac1 Ne4 20. Qd3 Rab8
1/2-1/2

[Event "XXVe Open de Metz"]
[Site "Metz"]
[Date "2007.04.19"]
[Round "6.9"]
[White "Sikula, Vaszilij"]
[Black "Clery, Nicolas"]
[Result "1-0"]
[WhiteElo "2536"]
[BlackElo "2349"]
[PlyCount "70"]
[EventDate "2007.04.19"]

1. e4 e6 2. d4 d5 3. e5 c5 4. c3 Nc6 5. Nf3 Bd7 6. Be2 Nge7 7. Na3 cxd4 8. cxd4
Nf5 9. Nc2 Qb6 10. O-O Na5 11. g4 Ne7 12. Nfe1 h5 13. gxh5 Bb5 14. Nd3 Nac6 15.
Be3 Nf5 16. Kh1 Be7 17. Rg1 a5 18. Bg4 Rh7 19. Nf4 O-O-O 20. Bxf5 exf5 21. Ne1
Kb8 22. Rc1 Nb4 23. a3 Na6 24. Nf3 Be8 25. Qc2 g6 26. Nxd5 Qc6 27. Qxc6 Bxc6
28. Rxc6 bxc6 29. Nxe7 Kb7 30. hxg6 fxg6 31. Nxg6 Nc7 32. Nf4 Nd5 33. Nxd5 Rxd5
34. Rg5 f4 35. Bd2 a4 1-0

[Event "XXVe Open de Metz"]
[Site "Metz"]
[Date "2007.04.19"]
[Round "6.10"]
[White "Lalic, Bogdan"]
[Black "Laurent, Bruno"]
[Result "1-0"]
[WhiteElo "2519"]
[BlackElo "2399"]
[PlyCount "21"]
[EventDate "2007.04.19"]

1. d4 Nf6 2. c4 e6 3. Nc3 c5 4. d5 d6 5. e4 exd5 6. cxd5 a6 7. f4 b5 8. e5 b4
9. exf6 bxc3 10. Qe2+ Kd7 11. fxg7 1-0

[Event "XXVe Open de Metz"]
[Site "Metz"]
[Date "2007.04.19"]
[Round "6.12"]
[White "Aguettaz, Maxime"]
[Black "Kalinitschew, Sergey"]
[Result "1-0"]
[WhiteElo "2329"]
[BlackElo "2488"]
[PlyCount "45"]
[EventDate "2007.04.19"]

1. c4 b6 2. Nc3 e6 3. e4 Bb7 4. Nge2 f5 5. exf5 exf5 6. d4 Nf6 7. Qc2 g6 8. h4
Bg7 9. Bg5 h6 10. Be3 Qe7 11. Nf4 Qf7 12. h5 Nxh5 13. Rxh5 gxh5 14. Be2 O-O 15.
O-O-O Nc6 16. Ncd5 d6 17. Bxh5 Qd7 18. Bg6 a5 19. g3 Bh8 20. Rh1 Nxd4 21. Qd1
Qg7 22. Bxd4 Qxd4 23. Ne7+ 1-0

[Event "XXVe Open de Metz"]
[Site "Metz"]
[Date "2007.04.19"]
[Round "6.13"]
[White "Sandu, Mihaela"]
[Black "Krivoshey, Sergei"]
[Result "0-1"]
[WhiteElo "2226"]
[BlackElo "2475"]
[PlyCount "100"]
[EventDate "2007.04.19"]

1. e4 e6 2. d4 d5 3. Nc3 Bb4 4. e5 c5 5. Bd2 Ne7 6. Nb5 Bxd2+ 7. Qxd2 O-O 8. f4
Bd7 9. dxc5 b6 10. c6 Nbxc6 11. Nf3 f6 12. Bd3 fxe5 13. fxe5 a6 14. Nbd4 Nxd4
15. Nxd4 Nc6 16. Nf3 Qc7 17. Qg5 Be8 18. O-O h6 19. Qg4 Qe7 20. c3 Rxf3 21.
Qxf3 Nxe5 22. Qg3 Nxd3 23. b4 Nb2 24. Rf4 Nc4 25. Raf1 Rd8 26. Rf6 Nd6 27. R6f4
Ne4 28. Qg4 Bb5 29. Re1 Re8 30. Re3 e5 31. Rff3 Qg5 32. Qh3 Qe7 33. Qh5 Bd7 34.
Re1 Nf6 35. Qg6 Qf7 36. Qg3 e4 37. Rf2 Bb5 38. a4 Bc4 39. Re3 Kh7 40. h3 Qe6
41. Qc7 Re7 42. Qb8 Nd7 43. Qd8 Rf7 44. Rd2 Rf1+ 45. Kh2 Qd6+ 46. g3 Rf8 47.
Qh4 Qg6 48. Kg2 Ne5 49. Qe7 Qf5 50. Re1 Nf3 0-1

[Event "XXVe Open de Metz"]
[Site "Metz"]
[Date "2007.04.19"]
[Round "6.14"]
[White "Abergel, Thal"]
[Black "Knecht, Alain"]
[Result "1-0"]
[WhiteElo "2498"]
[BlackElo "2280"]
[PlyCount "97"]
[EventDate "2007.04.19"]

1. e4 e5 2. Nf3 Nc6 3. Bc4 Nf6 4. Ng5 d5 5. exd5 Na5 6. Bb5+ c6 7. dxc6 bxc6 8.
Be2 h6 9. Nf3 e4 10. Ne5 Bd6 11. f4 exf3 12. Nxf3 Qc7 13. O-O O-O 14. Nc3 Ng4
15. h3 Qb6+ 16. d4 Ne5 17. Na4 Nxf3+ 18. Bxf3 Qd8 19. Nc5 Bc7 20. c3 Qd6 21.
Ne4 Qh2+ 22. Kf2 Bd8 23. Rh1 Bh4+ 24. Ke2 Ba6+ 25. Kd2 Qf4+ 26. Kc2 Qf5 27. Kb1
Be7 28. Qc2 Qb5 29. Re1 Nc4 30. a4 Qb6 31. b3 Rab8 32. Ka2 Na5 33. Rb1 Nxb3 34.
Rxb3 Bc4 35. Nd2 Bxb3+ 36. Nxb3 Rfe8 37. Ba3 Bxa3 38. Rxe8+ Rxe8 39. Kxa3 a5
40. Qf5 Qc7 41. Qxa5 Qf4 42. Bxc6 Re1 43. Qc5 Qf2 44. a5 Rb1 45. Bd5 Qb2+ 46.
Kb4 Ra1 47. Qc8+ Kh7 48. Bxf7 Qa3+ 49. Kb5 1-0

[Event "XXVe Open de Metz"]
[Site "Metz"]
[Date "2007.04.19"]
[Round "6.15"]
[White "Gladyszev, Oleg"]
[Black "Marzolf, Bruno"]
[Result "1-0"]
[WhiteElo "2485"]
[BlackElo "2259"]
[PlyCount "59"]
[EventDate "2007.04.19"]

1. d4 d5 2. c4 Nc6 3. Nf3 Bg4 4. Nc3 Bxf3 5. exf3 e6 6. cxd5 exd5 7. Bb5 Qd6 8.
O-O O-O-O 9. Be3 Nge7 10. Rc1 Qb4 11. Qd2 a6 12. a3 Qd6 13. Bd3 Qf6 14. Ne2 h6
15. Qc2 g5 16. b4 Bg7 17. Rb1 Rd6 18. Rfc1 Kb8 19. a4 Rc8 20. b5 axb5 21. axb5
Na5 22. Bd2 Nc4 23. Bb4 Re6 24. Bxc4 dxc4 25. Qxc4 Nd5 26. Qxd5 Rxe2 27. Qc4
Ree8 28. Bc5 Qe6 29. Qa4 b6 30. Ra1 1-0

[Event "XXVe Open de Metz"]
[Site "Metz"]
[Date "2007.04.19"]
[Round "6.16"]
[White "Kasparova, Tatiana"]
[Black "Shirazi, Kamran"]
[Result "1-0"]
[WhiteElo "2218"]
[BlackElo "2424"]
[PlyCount "121"]
[EventDate "2007.04.19"]

1. e4 c5 2. Nf3 Nc6 3. Bb5 e5 4. O-O Nge7 5. c3 a6 6. Ba4 b5 7. Bc2 d5 8. d4
cxd4 9. cxd4 exd4 10. Nxd4 Nxd4 11. Qxd4 Be6 12. exd5 Qxd5 13. Qe4 Qxe4 14.
Bxe4 Rd8 15. Bd2 f6 16. Re1 Kf7 17. a4 Rd7 18. axb5 axb5 19. Ra8 f5 20. Bf3 Bd5
21. Bxd5+ Nxd5 22. Rb8 b4 23. Bc1 Rg8 24. Nd2 Be7 25. Rb5 Rc8 26. Nf3 Bf6 27.
Bd2 Bxb2 28. h3 Rc4 29. Rb1 Bf6 30. Bxb4 g6 31. Bd2 h6 32. Rb7 Rxb7 33. Rxb7+
Ke6 34. Bxh6 f4 35. Rb1 Kf5 36. h4 Nc3 37. Rf1 Kg4 38. Bg5 Bxg5 39. Ne5+ Kxh4
40. Nxc4 f3 41. g3+ Kh3 42. Ne5 Bf6 43. Nxf3 g5 44. Re1 Kg4 45. Kg2 Kf5 46. Nd2
g4 47. Nf1 Bd4 48. Re8 Ne4 49. Ne3+ Bxe3 50. fxe3 Nc3 51. Rf8+ Kg5 52. Rc8 Ne4
53. Rc4 Kf5 54. Ra4 Ke5 55. Ra5+ Kf6 56. Ra8 Kf5 57. Rf8+ Kg5 58. Rf4 Nc5 59.
e4 Nd3 60. Rf5+ Kg6 61. Kf1 1-0

[Event "XXVe Open de Metz"]
[Site "Metz"]
[Date "2007.04.19"]
[Round "6.17"]
[White "Prasad, Devaki V"]
[Black "Daurelle, Herve"]
[Result "0-1"]
[WhiteElo "2413"]
[BlackElo "2209"]
[PlyCount "134"]
[EventDate "2007.04.19"]

1. e4 e5 2. Nf3 Nc6 3. Bb5 a6 4. Ba4 Nf6 5. O-O Be7 6. Re1 b5 7. Bb3 d6 8. c3
O-O 9. h3 Bb7 10. d4 Re8 11. Nbd2 Bf8 12. a3 g6 13. Ba2 Bg7 14. b4 Qd7 15. Bb2
Rad8 16. Rc1 h6 17. d5 Nb8 18. c4 c6 19. a4 Qe7 20. Nf1 bxc4 21. Bxc4 cxd5 22.
exd5 Rc8 23. Ne3 Kh7 24. a5 Nfd7 25. Qd2 f5 26. Bf1 Nf6 27. Bc4 Nh5 28. b5 Nf4
29. Ba3 Qf6 30. bxa6 Bxa6 31. Bxa6 Nxa6 32. Nc4 Nc5 33. Bxc5 Rxc5 34. Nb6 Rxc1
35. Rxc1 e4 36. Qxf4 exf3 37. gxf3 Qb2 38. Nc4 Qa2 39. Nxd6 Re5 40. Qc4 Qxa5
41. Rd1 Qa3 42. f4 Re7 43. Nxf5 gxf5 44. d6 Re4 45. Qd5 Qxh3 46. d7 Rxf4 47.
Rd3 Rg4+ 48. Rg3 Rxg3+ 49. fxg3 Qxg3+ 50. Kf1 Qf4+ 51. Ke2 Qg4+ 52. Kf1 Bf6 53.
d8=Q Bxd8 54. Qxd8 Qf4+ 55. Ke2 Kg6 56. Qe8+ Kg5 57. Qe7+ Kg4 58. Qg7+ Kh3 59.
Qf7 Kg2 60. Ke1 Qf2+ 61. Kd1 Qf3+ 62. Ke1 h5 63. Qa2+ Kh1 64. Qf7 h4 65. Qf6 h3
66. Qh6 f4 67. Qh7 Kg1 0-1

[Event "XXVe Open de Metz"]
[Site "Metz"]
[Date "2007.04.19"]
[Round "6.18"]
[White "Pytel, Krzysztof"]
[Black "Vaillant, Stephane"]
[Result "1-0"]
[WhiteElo "2396"]
[BlackElo "2044"]
[PlyCount "63"]
[EventDate "2007.04.19"]

1. d4 e6 2. Nf3 Nf6 3. e3 b6 4. Bd3 Bb7 5. O-O c5 6. c4 Be7 7. Nc3 cxd4 8. exd4
O-O 9. d5 exd5 10. cxd5 d6 11. Nd4 g6 12. Bh6 Re8 13. Bb5 Nbd7 14. Nc6 Bxc6 15.
dxc6 Nf8 16. c7 Qxc7 17. Bxe8 Rxe8 18. Nd5 Nxd5 19. Qxd5 Ne6 20. Rad1 Rd8 21.
b4 a6 22. Rfe1 Qd7 23. Rc1 Ng7 24. Bxg7 Kxg7 25. Rc6 Rb8 26. Rxb6 Rxb6 27. Qd4+
Bf6 28. Qxb6 d5 29. Qxa6 Bc3 30. Rd1 Bxb4 31. Qd3 Bc5 32. Qc3+ 1-0

[Event "XXVe Open de Metz"]
[Site "Metz"]
[Date "2007.04.19"]
[Round "6.19"]
[White "Defrance, Laurent"]
[Black "Zozulia, Anna"]
[Result "0-1"]
[WhiteElo "2177"]
[BlackElo "2344"]
[PlyCount "70"]
[EventDate "2007.04.19"]

1. d4 g6 2. Nf3 Bg7 3. e3 d6 4. Be2 Nf6 5. c4 O-O 6. Nc3 a6 7. O-O c6 8. a4 a5
9. b3 Na6 10. Ba3 Re8 11. Ra2 Nb4 12. Rd2 Qc7 13. Ne1 e5 14. dxe5 dxe5 15. Nc2
Bf8 16. Bb2 Na6 17. f4 Bf5 18. fxe5 Rxe5 19. Nd4 Bh6 20. Nxf5 gxf5 21. Kh1 Bxe3
22. Rd6 Re6 23. Rxe6 fxe6 24. Qe1 Bh6 25. Qh4 Bg7 26. Rf3 Ng4 27. Rf1 Ne5 28.
g4 Ng6 29. Qf2 Rf8 30. Qe3 Qe5 31. Qd2 Qd4 32. Qc2 Nb4 33. Qb1 fxg4 34. Rxf8+
Nxf8 35. Bxg4 Nd3 0-1

[Event "XXVe Open de Metz"]
[Site "Metz"]
[Date "2007.04.19"]
[Round "6.20"]
[White "Zienkiewicz, Alexandre"]
[Black "Peric, Slavisa"]
[Result "0-1"]
[WhiteElo "2000"]
[BlackElo "2289"]
[PlyCount "84"]
[EventDate "2007.04.19"]

1. d4 d5 2. c4 e6 3. Nf3 dxc4 4. Qa4+ Nd7 5. Qxc4 a6 6. e4 c5 7. dxc5 Bxc5 8.
b4 b5 9. Qb3 Be7 10. a4 bxa4 11. Qxa4 Ngf6 12. Be2 Nxe4 13. Qc6 Bxb4+ 14. Kf1
Nxf2 15. Kxf2 Bc5+ 16. Be3 Bxe3+ 17. Kxe3 Ra7 18. Bxa6 O-O 19. Nbd2 Nb8 20.
Qxc8 Qb6+ 21. Ke2 Rxc8 22. Bxc8 Qb5+ 23. Kf2 Qc5+ 24. Ke2 Rxa1 25. Rxa1 Qxc8
26. Ra4 f6 27. Rc4 Qa6 28. Ke1 Nc6 29. h4 h5 30. Kf2 e5 31. Re4 f5 32. Rxe5
Qb6+ 33. Kf1 Nxe5 34. Nxe5 Qb5+ 35. Nec4 Kh7 36. Kf2 Kh6 37. g3 Qd5 38. Kg1
Qd4+ 39. Kg2 f4 40. gxf4 Qxf4 41. Kg1 Qxh4 42. Ne3 Qg3+ 0-1

[Event "XXVe Open de Metz"]
[Site "Metz"]
[Date "2007.04.19"]
[Round "6.29"]
[White "Bazille, Reynald"]
[Black "Steininger, Denis"]
[Result "1/2-1/2"]
[WhiteElo "1850"]
[BlackElo "1983"]
[PlyCount "82"]
[EventDate "2007.04.19"]

1. c4 e5 2. g3 f5 3. d3 g6 4. Nc3 Bg7 5. Nf3 Nc6 6. Bg5 Nge7 7. Nd5 h6 8. Bf6
Bxf6 9. Nxf6+ Kf7 10. Nd5 d6 11. Bg2 Be6 12. Nxe7 Nxe7 13. Qc2 g5 14. e3 g4 15.
Nd2 d5 16. cxd5 Bxd5 17. Bxd5+ Qxd5 18. Qc4 Rad8 19. Ke2 Kf6 20. Qxd5 Rxd5 21.
Nb3 Rhd8 22. Rhd1 Rb5 23. Rac1 c6 24. Rc5 Rd5 25. Rxb5 Rxb5 26. Rd2 Nd5 27. d4
e4 28. Na1 a5 29. a3 a4 30. Kd1 Nc7 31. Kc1 Ne6 32. Nc2 Ng5 33. Ne1 Ke6 34. Rc2
Kd5 35. Kd2 c5 36. Rxc5+ Rxc5 37. dxc5 Kxc5 38. Ng2 Nf3+ 39. Kc3 b5 40. Nh4
Nxh4 41. gxh4 h5 1/2-1/2

[Event "XXVe Open de Metz"]
[Site "Metz"]
[Date "2007.04.19"]
[Round "6.45"]
[White "Nonnenmacher, Daniel"]
[Black "Bormann, Marco"]
[Result "1/2-1/2"]
[WhiteElo "1798"]
[BlackElo "1499"]
[Annotator "Bormann,Marco"]
[PlyCount "47"]

1. d4 Nf6 2. Nf3 g6 3. e3 Bg7 4. c4 d6 5. Nc3 O-O 6. b4
b6 7. Be2 c5 8. Rb1 cxd4 9. exd4 Bf5 10. Bd3 Bxd3 11. Qxd3 d5 12. c5 bxc5 13.
bxc5 Nc6 14. O-O Ne4 15. Be3 Nxc5 16. dxc5 d4 17. Qe4 dxe3 18. Qxe3 Qa5 19. Qe4
Bxc3 20. Qxc6 Qxa2 21. Rb7 Bf6 22. Qb5 a6 23. Qb6 Qe6 24. Qa5 1/2-1/2